[Event "Jakarta Peduli"]
[Site "Jakarta"]
[Date "2020.10.08"]
[Round "6"]
[White "Malik, Jan Adiar"]
[Black "Supriyono, Eko"]
[Result "1/2-1/2"]
[WhiteElo "1857"]
[BlackElo "2198"]
[PlyCount "102"]
[EventDate "2020.10.03"]
[EventType "tourn"]
[EventRounds "10"]
[EventCountry "INA"]
[SourceTitle "EXT 2022"]
[Source "ChessBase"]
[SourceDate "2021.10.06"]
[SourceVersion "1"]
[SourceVersionDate "2021.10.06"]
[SourceQuality "1"]

1. e4 d5 2. exd5 Qxd5 3. Nc3 Qa5 4. Nf3 c6 5. d4 Nf6 6. Bc4 Bf5 7. 0-0 e6 8. Re1 Be7 9. Ne5 0-0 10. Bg5 h6 11. Bh4 Qd8 12. Bg3 Nbd7 13. Qf3 Nxe5 14. dxe5 Nd5 15. Ne4 Bg6 16. Rad1 Bh4 17. Nd6 Bxg3 18. Qxg3 Qg5 19. Bb3 Qxg3 20. hxg3 Rab8 21. c4 Nb4 22. Rd2 Rfd8 23. a3 Nd3 24. Re3 Nc5 25. Bc2 Bxc2 26. Rxc2 b6 27. b4 Nd7 28. f4 Kf8 29. Kf2 f6 30. b5 cxb5 31. cxb5 fxe5 32. Rc6 exf4 33. gxf4 Nc5 34. Kf3 Rd7 35. Ne4 Nxe4 36. Rxe4 Rd3+ 37. Re3 Rxe3+ 38. Kxe3 Re8 39. Kd4 Rd8+ 40. Ke5 Rd3 41. Kxe6 Re3+ 42. Kf5 Rxa3 43. Rc8+ Kf7 44. Rc7+ Kg8 45. g4 Kh7 46. Ke6 Ra4 47. Ke5 a6 48. f5 Kh8 49. Rc8+ Kh7 50. Rc7 Kg8 51. Rc8+ Kh7 1/2-1/2

[Event "Jakarta Peduli"]
[Site "Jakarta"]
[Date "2020.10.03"]
[Round "1"]
[White "Supriyono, Eko"]
[Black "Malik, Jan Adiar"]
[Result "1/2-1/2"]
[WhiteElo "2198"]
[BlackElo "1857"]
[PlyCount "55"]
[EventDate "2020.10.03"]
[EventType "tourn"]
[EventRounds "10"]
[EventCountry "INA"]
[SourceTitle "EXT 2022"]
[Source "ChessBase"]
[SourceDate "2021.10.06"]
[SourceVersion "1"]
[SourceVersionDate "2021.10.06"]
[SourceQuality "1"]

1. e4 c5 2. Nf3 d6 3. d4 cxd4 4. Nxd4 Nf6 5. Nc3 a6 6. Be3 e6 7. a3 Be7 8. Bd3 0-0 9. 0-0 b5 10. f3 Qc7 11. Kh1 Bb7 12. Qd2 d5 13. exd5 Nxd5 14. Nxd5 Bxd5 15. c3 Nd7 16. Bg5 Nc5 17. Bxe7 Qxe7 18. Rfe1 Qh4 19. Bc2 Rfd8 20. Re2 Bc4 21. Re3 Rd5 22. Qe1 Qh5 23. Be4 Nxe4 24. Rxe4 Rg5 25. Qh4 Qg6 26. Rg4 Rxg4 27. Qxg4 Qxg4 28. fxg4 1/2-1/2

[Event "Jakarta Indonesia op 2nd"]
[Site "Jakarta"]
[Date "2012.10.17"]
[Round "9"]
[White "Tunasly, Kifly"]
[Black "Supriyono, Eko"]
[Result "0-1"]
[WhiteElo "2376"]
[BlackElo "2253"]
[PlyCount "110"]
[EventDate "2012.10.11"]
[EventType "swiss"]
[EventRounds "9"]
[EventCountry "INA"]
[SourceTitle "EXT 2013"]
[Source "ChessBase"]
[SourceDate "2012.11.22"]
[SourceVersion "1"]
[SourceVersionDate "2012.11.22"]
[SourceQuality "1"]

1. e4 e5 2. Nf3 Nc6 3. Nc3 d6 4. d4 exd4 5. Nxd4 Bd7 6. Be3 Nf6 7. Be2 Be7 8. 0-0 0-0 9. f4 Nxd4 10. Bxd4 Bc6 11. Qd3 Nd7 12. Qg3 Bf6 13. e5 Bh4 14. Qh3 dxe5 15. fxe5 Qe7 16. Bd3 g6 17. g3 Bg5 18. Rae1 Nc5 19. Bc4 Rad8 20. e6 f5 21. Be3 Bxe3+ 22. Rxe3 Rd4 23. Rf4 Ne4 24. Nxe4 Bxe4 25. Bb3 Rd1+ 26. Rf1 Rfd8 27. Qh6 R1d2 28. Rf2 Bxc2 29. Rxd2 Rxd2 30. Qh4 Kf8 31. Qc4 Bxb3 32. Qxb3 c5 33. Qc3 Rd4 34. b4 b6 35. a4 Qd6 36. e7+ Ke8 37. bxc5 Qxc5 38. Qxc5 bxc5 39. Re5 Rxa4 40. Rxc5 Rd4 41. Rc8+ Kxe7 42. Rh8 a5 43. Rxh7+ Kf6 44. Ra7 Ra4 45. Kg2 Kg5 46. Ra6 Ra1 47. h4+ Kh5 48. Kf2 a4 49. Kg2 a3 50. Kf2 Kg4 51. Rxg6+ Kh3 52. h5 a2 53. Ra6 Rh1 54. Kf3 Rf1+ 55. Ke3 a1Q 0-1

[Event "Jakarta Indonesia op 2nd"]
[Site "Jakarta"]
[Date "2012.10.15"]
[Round "7"]
[White "Lioe, Dede"]
[Black "Supriyono, Eko"]
[Result "1-0"]
[WhiteElo "2387"]
[BlackElo "2253"]
[PlyCount "51"]
[EventDate "2012.10.11"]
[EventType "swiss"]
[EventRounds "9"]
[EventCountry "INA"]
[SourceTitle "EXT 2013"]
[Source "ChessBase"]
[SourceDate "2012.11.22"]
[SourceVersion "1"]
[SourceVersionDate "2012.11.22"]
[SourceQuality "1"]

1. e4 e5 2. Nf3 Nc6 3. Bb5 d6 4. d4 exd4 5. Nxd4 Bd7 6. Nxc6 bxc6 7. Bd3 Nf6 8. 0-0 Be7 9. Nc3 c5 10. f4 Bc6 11. Qf3 Nd7 12. Bd2 Bf6 13. Qh3 h6 14. Rae1 0-0 15. Nd1 Rb8 16. g4 Bd4+ 17. Kh1 Bxb2 18. g5 hxg5 19. Nxb2 Rxb2 20. Bc3 Rxa2 21. Rg1 c4 22. Bxc4 Rxc2 23. Rxg5 Ne5 24. Rxg7+ Kxg7 25. Rg1+ Kf6 26. Qh4# 1-0

[Event "Wotulo Memorial"]
[Site "Jakarta"]
[Date "2001.03.25"]
[Round "3"]
[White "Hulak, Krunoslav"]
[Black "Supriyono, Eko"]
[Result "1-0"]
[WhiteElo "2546"]
[BlackElo "2252"]
[PlyCount "85"]
[EventDate "2001.03.23"]
[EventType "tourn"]
[EventRounds "13"]
[EventCountry "INA"]
[EventCategory "8"]
[SourceTitle "CBM 083"]
[Source "ChessBase"]
[SourceDate "2001.07.05"]
[SourceVersion "1"]
[SourceVersionDate "2001.07.05"]
[SourceQuality "1"]

1. d4 d5 2. Nf3 Nf6 3. c4 c6 4. Nc3 e6 5. cxd5 exd5 6. Qc2 Bd6 7. Bg5 Nbd7 8. e3 h6 9. Bh4 0-0 10. Bd3 Re8 11. Bg3 Bb4 12. 0-0 Nh5 13. Be5 Nf8 14. h3 Nf6 15. Bg3 Bd6 16. Ne5 Qe7 17. Rae1 N6d7 18. f4 Nb6 19. Kh1 f6 20. Ng6 Qd8 21. Nh4 Be6 22. Nf5 Bxf5 23. Bxf5 Bc7 24. Bh4 Nc4 25. e4 dxe4 26. Nxe4 Nd6 27. Qb3+ Kh8 28. Nxf6 gxf6 29. Rxe8 Nxe8 30. Qf7 Bd6 31. Qh5 Kg8 32. Qxh6 Qe7 33. Rf3 Ne6 34. Rg3+ N6g7 35. Qh7+ Kf8 36. Qh8+ Kf7 37. Bg6+ Ke6 38. Re3+ Kd7 39. Rxe7+ Bxe7 40. Qg8 Ne6 41. Bf5 N8c7 42. Bxe6+ Kd6 43. Bc8 1-0

[Event "Wotulo Memorial"]
[Site "Jakarta"]
[Date "2001.03.23"]
[Round "1"]
[White "Miezis, Normunds"]
[Black "Supriyono, Eko"]
[Result "1-0"]
[WhiteElo "2532"]
[BlackElo "2252"]
[PlyCount "115"]
[EventDate "2001.03.23"]
[EventType "tourn"]
[EventRounds "13"]
[EventCountry "INA"]
[EventCategory "8"]
[SourceTitle "CBM 083"]
[Source "ChessBase"]
[SourceDate "2001.07.05"]
[SourceVersion "1"]
[SourceVersionDate "2001.07.05"]
[SourceQuality "1"]

1. c4 e5 2. Nc3 Nf6 3. g3 Bb4 4. Bg2 0-0 5. e4 Bxc3 6. dxc3 d6 7. Qe2 Nbd7 8. Nf3 Nc5 9. Nh4 Bd7 10. 0-0 Rb8 11. Rd1 b6 12. f3 h6 13. Be3 Qc8 14. g4 Kh7 15. Nf5 Ng8 16. Qd2 g5 17. h4 f6 18. Kf2 Ne6 19. Rh1 Nf4 20. Rh2 Bxf5 21. gxf5 b5 22. cxb5 Rxb5 23. Bf1 Rb8 24. Bxa7 Qb7 25. Bxb8 Qb6+ 26. Ke1 Rxb8 27. Qf2 Qc6 28. Qe3 h5 29. hxg5 fxg5 30. a4 Nf6 31. b4 g4 32. b5 Qa8 33. Rh1 Rxb5 34. fxg4 Rb2 35. Kd1 Qb7 36. Bb5 Nxg4 37. Qf3 Rg2 38. Kc1 Nh2 39. Qxg2 Nxg2 40. Rxh2 Nf4 41. Raa2 Qxe4 42. a5 c6 43. Ba6 Qe1+ 44. Kb2 Kh6 45. Ra1 Qe3 46. Bf1 e4 47. a6 Nd5 48. Rc1 Kg5 49. Bc4 Nc7 50. f6 d5 51. f7 Ne6 52. Rf1 Nf8 53. Rg2+ Kh6 54. a7 Qxa7 55. Rf6+ Kh7 56. Rf5 Ng6 57. f8N+ Kg8 58. Rxg6+ 1-0

[Event "World Cities"]
[Site "Jakarta "]
[Date "1997.??.??"]
[Round "7"]
[White "Simanjuntak, Hisar"]
[Black "Supriyono, Eko"]
[Result "0-1"]
[WhiteElo "2290"]
[BlackElo "2295"]
[PlyCount "88"]
[EventDate "1997.07.08"]
[EventType "swiss"]
[EventRounds "10"]
[EventCountry "INA"]
[SourceTitle "CBM 058 Extra"]
[Source "ChessBase"]
[SourceDate "1997.07.29"]
[SourceVersion "1"]
[SourceVersionDate "1997.07.29"]
[SourceQuality "1"]

1. d4 d5 2. c4 c6 3. Nc3 e5 4. cxd5 cxd5 5. dxe5 d4 6. Ne4 Qa5+ 7. Bd2 Qxe5 8. Ng3 Nc6 9. Nf3 Qd5 10. a3 Bg4 11. h3 Be6 12. e4 dxe3 13. Bxe3 Nf6 14. Qxd5 Nxd5 15. Bd2 Be7 16. Bc4 Bf6 17. Rb1 0-0 18. 0-0 Ne5 19. Nxe5 Bxe5 20. f4 Nxf4 21. Bxe6 fxe6 22. Ne4 Ne2+ 23. Kh1 Rxf1+ 24. Rxf1 Bxb2 25. Rb1 Bxa3 26. Rxb7 h6 27. Be3 a5 28. g4 Bc1 29. Bc5 a4 30. Bd6 Bf4 31. Ba3 Ng3+ 32. Nxg3 Bxg3 33. Bb2 e5 34. Kg2 Bf4 35. Ba3 Rc8 36. Ra7 Rc2+ 37. Kf1 Ra2 38. Bd6 g5 39. Ra8+ Kf7 40. Bf8 e4 41. Bb4 e3 42. Ra7+ Kf6 43. Bc3+ Ke6 44. Ra5 Bg3 0-1

[Event "Jakarta op"]
[Site "Jakarta"]
[Date "1997.??.??"]
[Round "?"]
[White "Supriyono, Eko"]
[Black "Kayumov, Dimitry"]
[Result "0-1"]
[WhiteElo "2295"]
[BlackElo "2450"]
[PlyCount "60"]
[EventDate "1997.??.??"]
[EventType "swiss"]
[EventRounds "9"]
[EventCountry "INA"]
[SourceTitle "EXT 2000"]
[Source "ChessBase"]
[SourceDate "1999.11.16"]
[SourceVersion "1"]
[SourceVersionDate "1999.11.16"]
[SourceQuality "1"]

1. e4 e5 2. Nf3 Nc6 3. Bb5 a6 4. Ba4 Nf6 5. 0-0 Be7 6. Qe2 b5 7. Bb3 d6 8. c3 0-0 9. h3 Na5 10. Bc2 c5 11. Rd1 Qc7 12. d3 Nc6 13. Nbd2 Re8 14. Nf1 h6 15. Ng3 Bf8 16. a4 b4 17. d4 bxc3 18. bxc3 cxd4 19. cxd4 exd4 20. Bb2 Rb8 21. Rab1 d5 22. Nxd4 Rxb2 23. Rxb2 Nxd4 24. Rxd4 Qc3 25. Qd3 Qxb2 26. exd5 Re1+ 27. Kh2 Bd6 28. Rc4 Bd7 29. Qd2 Qa1 30. f4 h5 0-1